Gaming Quiz

Random Gaming or Card Games Quiz

Poker Hands Quiz Stats

 Plays Quiz Updated Oct 6, 2013

Support Sporcle.
Go Orange.
Score 0/9 Timer 02:00
19 Plays Today
Value Hand % Correct
BestStraight Flush
97.8%
...Flush
96.6%
...Straight
95%
...Two Pair
94.8%
...One Pair
94.2%
...Three of a Kind
93.3%
...Full House
93.2%
...Four of a Kind
89%
WorstHigh Card
85.2%

From the Vault

Sunday Crossword: US Presidents

by Thebiguglyalien

If you can solve this fast enough, you can apply for a spot on Mount Rushmore.
Remove Ads.
Support Sporcle.
Get the best of Sporcle when you Go Orange. This ad-free experience offers more features, more stats, and more fun while also helping to support Sporcle. Thank you for becoming a member.

Show Comments

Extras

Top Quizzes Today


Score Distribution

Your Account Isn't Verified!

In order to create a playlist on Sporcle, you need to verify the email address you used during registration. Go to your Sporcle Settings to finish the process.

Report this User

Report this user for behavior that violates our Community Guidelines.

Details: